Select essays on the belles lettres : By Mr. Dryden.

Bibliographic Details
Main Author: Dryden, John, 1631-1700
Format: eBook
Language:English
Series:Eighteenth century collections online.
Online Access:Full text online

MARC

Tag First Indicator Second Indicator Subfields
LEADER 00000cam a2200000 4500
001 in00001925813
006 m | d |
007 cr |n||||||||n
008 820210s1750 stk|||| s 00||||eng d
005 20260414192228.8
035 |a (CStRLIN)ESTCT134439 
040 |a Uk-ES  |c Uk-ES  |d Cu-RivES  |d CStRLIN  |d Thomson Gale  |d UtOrBLW 
100 1 |a Dryden, John,  |d 1631-1700. 
245 1 0 |a Select essays on the belles lettres :  |b By Mr. Dryden. 
264 3 |a Glasgow :  |b printed by Robert Urie,  |c 1750. 
300 |a 2 unnumbered pages, 331, 3 unnumbered pages ;  |c 12⁰. 
336 |a text  |b txt  |2 rdacontent 
337 |a computer  |b c  |2 rdamedia 
338 |a online resource  |b cr  |2 rdacarrier 
500 |a With three final advertisement pages. 
500 |a Reproduction of original from the British Library. 
510 4 |a English Short Title Catalog,  |c ESTCT134439. 
533 |a Electronic reproduction.  |b Farmington Hills, Mich. :  |c Thomson Gale,  |d 2003.  |n Available via the World Wide Web.  |n Access limited by licensing agreements  |7 s2003 miunns 
500 |a Electronic resource. 
830 0 |a Eighteenth century collections online. 
856 4 0 |u http://proxy.library.tamu.edu/login?url=https://galenet.galegroup.com/servlet/ECCO?c=1&stp=Author&ste=11&af=BN&ae=T134439&tiPG=1&dd=0&dc=flc&docNum=CW114674226&vrsn=1.0&srchtp=a&d4=0.33&n=10&SU=0LRK&locID=txshracd2898  |z Full text online  |t 0 
999 |a MARS 
999 f f |s e3a7fb9c-4afb-3a89-942f-a39b2734ca1d  |i b7294152-c06e-3f3a-a303-5293dc1d2c6f  |t 0 
952 f f |a Texas A&M University  |b College Station  |c Electronic Resources  |s www_evans  |d Available Online  |t 0  |h No information provided 
998 f f |t 0  |l Available Online